• 首页
  • 本馆介绍
  • 公告通知
  • 最新文献
  • 馆藏检索
  • 电子资源
  • 读者导购
  • 参考咨询
  • 我的图书馆
  • 登录
  • 详细信息显示
  • 放入我的书架
  • 预约/预借图书
  • 作者相关作品
  • 分类相关作品
  • 丛书相关作品
  • 出版社相关作品

书目信息

  • 表格格式
  • 工作单格式
  • 卡片格式
题名:
优化课堂中的依恋与学习
    
 
作者: 科佐林诺 著 ;杨安博 , 姜雪 译
分册:  
出版信息: 上海   华东师范大学出版社  2019.05
页数: 14, 340页
开本: 24cm
丛书名: 心智、脑与教育译丛
单 册:
中图分类: G40-052 , Q189
科图分类:
主题词: 教育社会学--jiao yu she hui xue , 神经科学--shen jing ke xue
电子资源:
ISBN: 978-7-5675-7505-9
000 01783nam 2200349 450
001 0104125641
005 20201104125713.0
010    @a978-7-5675-7505-9@dCNY68.00
100    @a20190731d2019 em y0chiy50 ea
101 1  @achi@ceng
102    @aCN@b310000
105    @aak az 001yy
106    @ar
200 1  @a优化课堂中的依恋与学习@Ayou hua ke tang zhong de yi lian yu xue xi@e大脑神经可塑性带来的启示@f(美)路易斯·科佐林诺著@g杨安博,姜雪译
210    @a上海@c华东师范大学出版社@d2019.05
215    @a14, 340页@c图@d24cm
225 2  @a心智、脑与教育译丛@Axin zhi nao yu jiao yu yi cong
312    @a书名原文取自书中:The social neuroscience of education: optimizing attachment and learning in the classroom
320    @a有书目(第200-313页)
330    @a将社会认知神经科学、依恋理论和学校教育整合起来有很大的难度,这不仅需要对各部分理论的深厚理解,更需要丰富的教育和临床实践经验。本书作者路易斯·科佐林诺博士正是这样一位知识渊博、将理论和实践相结合的大师学者、理论家和咨询师。他看到西方教育危机正是由于过度工业化的教育过程忽视了教室中真实的人际环境以及它们对我们学习大脑的影响。本书从人类进化发展的角度,解释了大脑为什么是一个社会性器官,及其在不断变化的文明发展中的适应和不适应。
461  0 @12001 @a心智、脑与教育译丛
510 1  @aSocial neuroscience of education : optimizing attachment and learning in the classroom@zeng
517 1  @a大脑神经可塑性带来的启示@Ada nao shen jing ke su xing dai lai de qi shi
606 0  @a教育社会学@Ajiao yu she hui xue
606 0  @a神经科学@Ashen jing ke xue
690    @aG40-052@v5
690    @aQ189@v5
701  1 @c(美)@a科佐林诺@Ake zuo lin nuo@c(Cozolino, Louis)@4著
702  0 @a杨安博@Ayang an bo@4译
702  0 @a姜雪@Ajiang xue@4译
801  0 @aCN@bBJSZM@c20201104
905    @b1261654-7@dG40-052@e1124@f4
    
    优化课堂中的依恋与学习:大脑神经可塑性带来的启示/(美)路易斯·科佐林诺著/杨安博,姜雪译.-上海:华东师范大学出版社,2019.05
    14, 340页:图;24cm.-(心智、脑与教育译丛)
    
    
    ISBN 978-7-5675-7505-9:CNY68.00
    将社会认知神经科学、依恋理论和学校教育整合起来有很大的难度,这不仅需要对各部分理论的深厚理解,更需要丰富的教育和临床实践经验。本书作者路易斯·科佐林诺博士正是这样一位知识渊博、将理论和实践相结合的大师学者、理论家和咨询师。他看到西方教育危机正是由于过度工业化的教育过程忽视了教室中真实的人际环境以及它们对我们学习大脑的影响。本书从人类进化发展的角度,解释了大脑为什么是一个社会性器官,及其在不断变化的文明发展中的适应和不适应。
●
相关链接 在E读中查询图书 在五车中查询图书 在当当中查询图书 在豆瓣中查询图书


正题名:优化课堂中的依恋与学习     索取号:G40-052/1124         预约/预借

序号 登录号 条形码 馆藏地/架位号 状态 备注
1 1261654   212616542   第一样本阅览室/ [索取号:G40-052/1124] 在馆    
2 1261655   212616551   教育系资料室/ [索取号:G40-052/1124] 在馆    
3 1261656   212616560   教育系资料室/ [索取号:G40-052/1124] 在馆    
4 1261657   212616579   第四借阅区/ [索取号:G40-052/1124] 在馆    
唐山师范学院图书馆 欢迎您!
大连网信软件有限公司© 版权所有